[Event "Moscow-ch (Women)"]
[Site "Moscow"]
[Date "2008.03.22"]
[Round "3"]
[White "Grabovets, Nadezhda"]
[Black "Bavina, Lyudmila"]
[Result "1-0"]
[WhiteElo "1973"]
[BlackElo "1945"]
[PlyCount "117"]
[EventDate "2008.03.20"]
[EventType "swiss"]
[EventRounds "9"]
[EventCountry "RUS"]
[SourceTitle "CBM 123 Extra"]
[Source "ChessBase"]
[SourceDate "2008.05.06"]
[SourceVersion "1"]
[SourceVersionDate "2008.05.06"]
[SourceQuality "1"]

1. c4 g6 2. Nc3 Bg7 3. g3 c6 4. Bg2 Nf6 5. Nf3 d6 6. d3 0-0 7. 0-0 Bg4 8. h3 Bd7 9. Bd2 a5 10. Qc1 Na6 11. Bh6 Nc5 12. Bxg7 Kxg7 13. d4 Nce4 14. Nxe4 Nxe4 15. Nd2 Nf6 16. e4 Qc7 17. Re1 e5 18. dxe5 dxe5 19. c5 Be6 20. Qc3 Nd7 21. Kh2 a4 22. b4 f6 23. Bf1 b5 24. cxb6 Qxb6 25. Kg2 Rfd8 26. Bc4 Nf8 27. Rac1 Bd7 28. a3 h5 29. Ba2 Bxh3+ 30. Kg1 Bd7 31. Nc4 Qc7 32. Na5 Rac8 33. Qc2 Qa7 34. Qxa4 c5 35. Qb3 Be6 36. Qb2 cxb4 37. Nc6 Rxc6 38. Rxc6 bxa3 39. Qc2 Qa5 40. Re2 Bg4 41. Rc7+ Kh6 42. Qc1+ g5 43. Qc6 Rd1+ 44. Kg2 Nh7 45. Bg8 Qxc7 46. Qxc7 Rd7 47. Qc6 Rg7 48. f3 Bxf3+ 49. Kxf3 Rxg8 50. Ra2 Rg6 51. Rxa3 f5 52. Qc8 g4+ 53. Ke3 f4+ 54. gxf4 exf4+ 55. Kxf4 h4 56. Qh8 g3 57. Ra7 Rf6+ 58. Kg4 Rg6+ 59. Kxh4 1-0